000 00836nam a2200229 i 4500
001 124542
003 ES-MaACL
005 20250813062626.0
007 t|
008 070329s1933 sp abf |||| | spa d
080 _a914-191.2
100 1 _aMachatschek, Fritz.
_975177
245 1 0 _aGeografía de la Europa central
_b: (Alemania, Austria, Checoslovaquia, Polonia, Hungría y Rumanía) /
_cFritz Machatschek ; traducción directa del alemán por L. Martín Echeverria.
260 _aBarcelona :
_bLabor,
_c[1933]
300 _a2 v. (lám., mapas pleg.) :
_bil. ;
_c17 cm.
490 1 _aColección Labor ;
_v324-327
651 4 _aEuropa central-
_xGeografía.
_912611
700 1 _aMartín Echeverría, Leonardo.
_977479
830 0 0 _aColección Labor
_v324-327
_9184254
852 _aES-MaACL
_jE-2813-14
999 _c124542
_d124542